000 00348nam a22001337a 4500
003 OSt
005 20231005044423.0
008 231005b |||||||| |||| 00| 0 eng d
040 _cIIMT UNIVERSITY
100 _aDAS, P.C
245 _aACRONYMS HOMONYMS HOMOPHONES PARONYMS AND CHALLENGING WORDS
260 _aNEW DELHI
_bNCBA
_c2018
942 _2ddc
_c03
999 _c57265
_d57265